[Event "Mechanics' Spring TNM; G/2"]
[Site "San Francisco"]
[Date "2015.03.31"]
[Round "3.11"]
[White "Abraham, Renjish"]
[Black "Grey, Peter"]
[Result "1/2-1/2"]
[WhiteElo "1837"]
[BlackElo "2000"]
[PlyCount "65"]
[EventDate "2015.??.??"]

1. c4 Nf6 2. g3 c5 3. Bg2 d5 4. cxd5 Nxd5 5. Nc3 Nc7 6. Nf3 Nc6 7. O-O e5 8. e3
Be7 9. a3 O-O 10. Qe2 Bf5 11. Ne1 Qd7 12. f4 Bg4 13. Bxc6 bxc6 14. Qd3 f6 15.
Qxd7 Bxd7 16. f5 g6 17. g4 gxf5 18. gxf5 Kf7 19. d3 Rg8+ 20. Kh1 Rg4 21. e4
Rag8 22. Be3 Nb5 23. Nxb5 cxb5 24. h3 Rg3 25. Rf3 Rxf3 26. Nxf3 a5 27. Kh2 Rc8
28. Nd2 a4 29. Rc1 Rc6 30. Kg3 Rc8 31. Kf3 Rc6 32. Ke2 Rc8 33. Kf3 1/2-1/2

[Event "Mechanics' Spring TNM; G/2"]
[Site "San Francisco"]
[Date "2015.04.21"]
[Round "6.17"]
[White "Abraham, Renjish"]
[Black "Ho, Steve"]
[Result "1-0"]
[WhiteElo "1837"]
[BlackElo "1636"]
[PlyCount "41"]
[EventDate "2015.??.??"]

1. c4 e6 2. g3 f5 3. Bg2 Nf6 4. Nf3 d5 5. cxd5 exd5 6. O-O Bd6 7. Nc3 c6 8. d3
O-O 9. e4 Nbd7 10. exd5 Nxd5 11. Nxd5 cxd5 12. Qb3 Nb6 13. Be3 Bc7 14. Bg5 Qd7
15. a4 f4 16. a5 fxg3 17. fxg3 Qg4 18. axb6 Bxb6+ 19. Kh1 Rxf3 20. Bxf3 Qxg5
21. Bxd5+ 1-0

[Event "Mechanics' Spring TNM; G/2"]
[Site "San Francisco"]
[Date "2015.05.05"]
[Round "8.7"]
[White "Abraham, Renjish"]
[Black "Krasnov, Steven"]
[Result "0-1"]
[WhiteElo "1837"]
[BlackElo "2016"]
[PlyCount "99"]
[EventDate "2015.??.??"]

1. c4 e5 2. g3 Nc6 3. Bg2 d6 4. Nc3 Be6 5. b3 g6 6. Nf3 Bg7 7. e3 Qd7 8. O-O h6
9. d4 Bh3 10. d5 Nd8 11. e4 Bxg2 12. Kxg2 Ne7 13. Qc2 O-O 14. Be3 f5 15. exf5
Nxf5 16. Ne4 b6 17. Bd2 a5 18. Rad1 Kh7 19. Qd3 Nb7 20. Bc3 Nc5 21. Nxc5 bxc5
22. Qe4 Qf7 23. Rd3 Nd4 24. Nxd4 cxd4 25. Bd2 Qf5 26. f3 Rf7 27. Rd1 a4 28. b4
Qxe4 29. fxe4 Raf8 30. Be1 h5 31. R1d2 g5 32. Ra3 Ra8 33. Rf2 Rxf2+ 34. Kxf2 g4
35. Bd2 Kg6 36. c5 Bf8 37. c6 Bh6 38. Bxh6 Kxh6 39. Ke2 Kg5 40. Rd3 $2 Rb8 41.
a3 h4 42. Kf2 Rf8+ 43. Ke2 (43. Kg2) 43... hxg3 44. hxg3 Rh8 45. Ke1 Rh1+ 46.
Ke2 Ra1 47. Kd2 Ra2+ 48. Kd1 Rb2 49. Kc1 Rf2 50. Kd1 {and Black later won.} 0-1

[Event "Mechanics' Winter TNM; 30/90, SD/30"]
[Site "San Francisco"]
[Date "2015.02.17"]
[Round "7.30"]
[White "Abraham, Renjish"]
[Black "Paquette, James"]
[Result "1-0"]
[WhiteElo "1837"]
[BlackElo "1438"]
[PlyCount "69"]
[EventDate "2015.??.??"]

1. c4 g6 2. d4 Bg7 3. Nc3 c5 4. d5 Bxc3+ 5. bxc3 Qa5 6. Qc2 Nf6 7. Bh6 d6 8. f3
Nbd7 9. e4 a6 10. Bd3 b5 11. Bg7 Rg8 12. Bxf6 exf6 13. f4 Nb6 14. cxb5 axb5 15.
Nf3 c4 16. Be2 Na4 17. Rc1 Nc5 18. Nd4 Bd7 19. O-O Qxa2 20. Qd1 Nxe4 21. Bf3
Nc5 22. Qe1+ Kf8 23. Qh4 Kg7 24. f5 Qd2 25. fxg6 fxg6 26. Ne6+ Nxe6 27. dxe6
Qe3+ 28. Kh1 Bxe6 29. Bxa8 Rxa8 30. Qxf6+ Kh6 31. Rce1 Qd2 32. Rxe6 Ra2 33.
Qh4+ Kg7 34. Re7+ Kg8 35. Qxh7# 1-0

[Event "Mechanics' Winter TNM; 30/90, SD/30"]
[Site "San Francisco"]
[Date "2015.01.27"]
[Round "4.27"]
[White "Abraham, Renjish"]
[Black "Sherwood, Peter"]
[Result "0-1"]
[WhiteElo "1837"]
[BlackElo "1669"]
[Annotator "Donaldson"]
[PlyCount "90"]
[EventDate "2015.??.??"]

1. c4 e5 2. g3 Nf6 3. Bg2 Nc6 4. Nf3 Bc5 5. O-O O-O 6. e3 d6 7. d4 exd4 8. exd4
Bb6 9. a3 a5 10. Nc3 Bg4 11. Be3 Qd7 12. c5 Ba7 13. Qc2 Bf5 14. Qa4 Ne4 15.
Nxe4 (15. Nh4 $5) 15... Bxe4 16. Qb3 Rfe8 17. Rac1 d5 18. Qc3 Bb8 19. b4 axb4
20. axb4 Ne7 21. Ne5 Qe6 22. Nf3 c6 23. Ng5 Qg6 24. Nxe4 dxe4 25. Rfe1 Nd5 26.
Qd2 Bc7 27. Rb1 Ra4 28. b5 Rea8 (28... Ba5 29. Qc2 Bxe1 30. Qxa4 Bxf2+ (30...
Nc3 31. Qc2 Nxb1 32. Qxb1 Ba5 $17 {(Fritz)}) 31. Bxf2 e3 32. Re1 exf2+ 33. Kxf2
$11) 29. b6 Bd8 $2 {Diagram [#]} (29... Bb8 30. Bxe4 Qxe4 31. Bf4 Bxf4) 30. Rb2
$2 $138 (30. Bxe4 $1 {and if} Qxe4 {then} 31. Bf4 {
exploits Black's weak back rank.} Ne3 32. Qxe3 Qxe3 33. Rxe3 g5 34. Re8+ Kg7 {
(Fritz)}) 30... Ra3 31. Qc2 f5 32. Qd2 Rd3 $1 33. Qc1 Raa3 (33... Nxe3 34. fxe3
Bg5) 34. Bd2 $2 (34. Bf1) 34... Rxd4 35. Rc2 Rda4 $1 36. h4 Bf6 37. Qd1 Rd3 38.
h5 Qf7 39. Qe2 Bd4 40. Kf1 Raa3 41. Rd1 {
Black has several wins, including the pretty 41...Rf3!} Qe7 42. Rdc1 Kf8 43.
Rc4 Ra2 44. Rd1 Nc3 45. Rxc3 Bxc3 0-1

[Event "Mechanics' Fall TNM; G/2"]
[Site "San Francisco"]
[Date "2015.11.24"]
[Round "6.12"]
[White "Acharya, Venkatagiri"]
[Black "Clemens, Kristian"]
[Result "0-1"]
[WhiteElo "1686"]
[BlackElo "1932"]
[PlyCount "86"]
[EventDate "2015.??.??"]

1. e4 e5 2. Nf3 Nc6 3. Bb5 Nd4 4. Nxd4 exd4 5. O-O g6 6. d3 Bg7 7. Nd2 Ne7 8.
Nf3 c6 9. Bc4 d5 10. exd5 Nxd5 11. Re1+ Be6 12. Ng5 Qd7 13. Nxe6 fxe6 14. Qg4
e5 15. Qxd7+ Kxd7 16. Bxd5 cxd5 17. f4 Rhe8 18. fxe5 Rac8 19. Bf4 Rxc2 20. Rab1
Re6 21. a4 Ra6 22. b3 Rc3 23. Rbc1 Rac6 24. Rxc3 dxc3 25. d4 Bf8 26. Rc1 c2 27.
Ra1 Bb4 28. Be3 Bc3 29. Rf1 Bxd4 30. Bxd4 c1=Q 31. Rxc1 Rxc1+ 32. Kf2 a6 33. b4
Ke6 34. b5 Rc4 35. Ke3 Rxa4 36. bxa6 Rxd4 37. Kxd4 bxa6 38. g4 g5 39. h3 a5 40.
Kc3 Kxe5 41. Kd3 a4 42. Kc2 a3 43. Kb3 Kd4 0-1

[Event "Mechanics' Fall TNM; G/2"]
[Site "San Francisco"]
[Date "2015.11.10"]
[Round "4.28"]
[White "Acharya, Venkatagiri"]
[Black "James, Charles"]
[Result "1-0"]
[WhiteElo "1686"]
[BlackElo "1464"]
[PlyCount "63"]
[EventDate "2015.??.??"]

1. e4 c6 2. d4 d5 3. e5 Bf5 4. h4 h6 5. g4 Bh7 6. e6 fxe6 7. Bd3 g6 8. Nf3 Nd7
9. Qe2 e5 10. Nxe5 Ngf6 11. Bxg6+ Bxg6 12. Nxg6 Rg8 13. Nxf8 Nxf8 14. f3 Rh8
15. Bf4 Ng6 16. Be5 Nxe5 17. dxe5 Nd7 18. Nd2 e6 19. f4 Qe7 20. O-O-O O-O-O 21.
Qe3 b6 22. g5 Rdg8 23. Rdg1 Nf8 24. h5 Nd7 25. Nf3 c5 26. Nh4 Nf8 27. g6 Qd7
28. Rf1 Rg7 29. f5 exf5 30. Nxf5 Ne6 31. Nxg7 Qxg7 32. Rf7 1-0

[Event "Mechanics' Fall TNM; G/2"]
[Site "San Francisco"]
[Date "2015.12.08"]
[Round "8.14"]
[White "Acharya, Venkatagiri"]
[Black "Sarafian, Greg M"]
[Result "0-1"]
[WhiteElo "1686"]
[BlackElo "1913"]
[PlyCount "108"]
[EventDate "2015.??.??"]

1. e4 e5 2. Nf3 Nc6 3. Bb5 a6 4. Bxc6 dxc6 5. O-O f6 6. d3 Bg4 7. Be3 Bd6 8.
Nbd2 Ne7 9. Re1 c5 10. Nf1 Qd7 11. c3 Nc6 12. N1d2 O-O 13. Qb3+ Be6 14. Qc2 Qf7
15. h3 Rad8 16. Rad1 Rd7 17. b3 b5 18. Nf1 Rfd8 19. Rd2 Bf8 20. Red1 g6 21. d4
cxd4 22. cxd4 Nb4 23. Qb2 exd4 24. Nxd4 c5 25. Nxe6 Rxd2 26. Rxd2 Rxd2 27. Bxd2
Qxe6 28. Bxb4 cxb4 29. Qd4 Qc6 30. Ne3 Kg7 31. g3 Bc5 32. Qd5 Qc7 33. Qd2 h5
34. Nd5 Qxg3+ 35. Kf1 Qxh3+ 36. Ke2 Qg4+ 37. Kd3 Qf3+ 38. Ne3 h4 39. Qc1 Bxe3
40. fxe3 h3 41. Qc7+ Kh6 42. Kd4 Qd1+ 43. Kc5 Qc2+ 44. Kb6 Qxc7+ 45. Kxc7 h2
46. Kb6 h1=Q 47. Kxa6 Qxe4 48. Kxb5 g5 49. Ka4 g4 50. a3 bxa3+ 51. Kxa3 g3 52.
b4 Qxe3+ 53. Ka4 g2 54. b5 g1=Q 0-1

[Event "Mechanics' Fall TNM; G/2"]
[Site "?"]
[Date "2015.10.27"]
[Round "2"]
[White "Agdamag, Samuel"]
[Black "Basak, Aniruddha"]
[Result "0-1"]
[WhiteElo "1447"]
[BlackElo "2167"]
[PlyCount "92"]
[EventDate "2015.10.29"]

1. e4 c5 2. Nf3 g6 3. Nc3 Bg7 4. g3 Nc6 5. d3 Nf6 6. Bg2 O-O 7. O-O d5 8. exd5
Nxd5 9. Nxd5 Qxd5 10. Re1 Qh5 11. Ng5 Qxd1 12. Rxd1 Nd4 13. c3 Ne2+ 14. Kf1
Nxc1 15. Raxc1 Rb8 16. Re1 h6 17. Ne4 b6 18. Re3 Rd8 19. Rce1 Ba6 20. Rd1 f5
21. Nd2 Bxd3+ 22. Kg1 Bc2 23. Rde1 Rxd2 24. Rxe7 a5 25. Bf3 Bf6 26. R7e6 Kf7
27. Rc6 Bd8 28. b3 a4 29. c4 axb3 30. axb3 Bxb3 31. Bd5+ Rxd5 32. cxd5 Bxd5 33.
Rd6 Bb3 34. Rd7+ Kf8 35. Re3 Bf7 36. Red3 Ke8 37. Ra7 b5 38. Rdd7 Bb6 39. Rxf7
Bxa7 40. Rxa7 b4 41. Ra1 b3 42. Rb1 c4 43. Kf1 c3 44. Ke1 c2 45. Rc1 b2 46. Kd2
b1=Q 0-1

[Event "Mechanics' Spring TNM; G/2"]
[Site "San Francisco"]
[Date "2015.04.07"]
[Round "4.32"]
[White "Agdamag, Samuel"]
[Black "Casares Jr, Nick"]
[Result "1-0"]
[WhiteElo "1459"]
[BlackElo "1600"]
[PlyCount "61"]
[EventDate "2015.??.??"]

1. e4 e5 2. Nc3 Nf6 3. a3 d5 4. exd5 Nxd5 5. Qf3 Be6 6. Bc4 c6 7. Ba2 Be7 8.
Nge2 O-O 9. Nxd5 cxd5 10. d3 f5 11. Nc3 e4 12. Qe2 Nc6 13. O-O Nd4 14. Qd1 f4
15. dxe4 f3 16. Qxd4 fxg2 17. Re1 Rc8 18. exd5 Bc5 19. Qe5 Bxf2+ 20. Kxg2 Bh3+
21. Kxh3 Rf3+ 22. Kg2 Rf8 23. d6+ Kh8 24. Rf1 Qh4 25. Qe4 Qf6 26. Be3 Qxd6 27.
Rxf2 Rxf2+ 28. Bxf2 Rf8 29. Rd1 Qf6 30. Bd4 Qg5+ 31. Kh1 1-0

[Event "Mechanics' Winter TNM; 30/90, SD/30"]
[Site "San Francisco"]
[Date "2015.02.17"]
[Round "7.47"]
[White "Agdamag, Samuel"]
[Black "Hilliard, Michael"]
[Result "1/2-1/2"]
[WhiteElo "1493"]
[BlackElo "1400"]
[PlyCount "113"]
[EventDate "2015.??.??"]

1. e4 c6 2. d4 d5 3. exd5 cxd5 4. Bd3 Nc6 5. c3 Nf6 6. Nd2 Qc7 7. Ngf3 Bg4 8.
Qc2 e5 9. dxe5 Nxe5 10. Be2 a6 11. O-O Bd6 12. h3 Be6 13. Re1 O-O 14. Ng5 Bd7
15. Nb3 Qc8 16. Be3 h6 17. f4 Nc6 18. Nf3 Bxh3 19. Nh2 Be6 20. Rf1 Ne4 21. Bd3
f5 22. Nd4 Nxd4 23. Bxd4 Qc7 24. Be3 Bc5 25. Qc1 Rf6 26. Rf3 Rg6 27. Bxe4 dxe4
28. Rf2 Rg3 29. Nf1 Rg4 30. Qe1 Bd6 31. Nh2 Rxf4 32. Bxf4 Bxf4 33. Nf1 Bc4 34.
Ne3 Bh2+ 35. Kh1 Bg3 36. b3 Be6 37. c4 Rd8 38. Nf1 Bxf2 39. Qxf2 g5 40. Ng3 Qe5
41. Re1 Rd3 42. Nf1 f4 43. Qb6 Rd7 44. c5 Qd5 45. c6 Qxc6 46. Qxc6 bxc6 47.
Rxe4 Kf7 48. Ra4 Ra7 49. Kg1 Kf6 50. Kf2 Ke5 51. Nd2 Bd5 52. Nf3+ Bxf3 53. Kxf3
Kf5 54. Ra5+ Kf6 55. Kg4 Kg6 56. Re5 Rf7 57. Ra5 1/2-1/2

[Event "Mechanics' Summer TNM; G/2"]
[Site "San Francisco"]
[Date "2015.06.02"]
[Round "2.21"]
[White "Agdamag, Samuel"]
[Black "Khristoforov, Sergey"]
[Result "0-1"]
[WhiteElo "1459"]
[BlackElo "1948"]
[PlyCount "56"]
[EventDate "2015.??.??"]

1. d4 d5 2. c4 c6 3. e3 Nf6 4. Nc3 e6 5. Nf3 Be7 6. g3 O-O 7. Bg2 dxc4 8. e4 c5
9. Qa4 cxd4 10. e5 dxc3 11. exf6 Bxf6 12. Qc2 cxb2 13. Bxb2 Qa5+ 14. Ke2 Bxb2
15. Qxb2 c3 16. Qc2 Bd7 17. Rhd1 Bb5+ 18. Ke1 Nc6 19. Bf1 Ba4 20. Qe4 c2+ 21.
Rd2 Rfd8 22. Bd3 g6 23. Kf1 Rxd3 24. Rxd3 Bb5 25. Kg2 Bxd3 26. Qxd3 Qd5 27.
Qxc2 {Diagram [#]} Qxf3+ 28. Kxf3 Nd4+ 0-1

[Event "Mechanics' Winter TNM; 30/90, SD/30"]
[Site "San Francisco"]
[Date "2015.01.20"]
[Round "3.32"]
[White "Agdamag, Samuel"]
[Black "Lin, Aung Tun"]
[Result "0-1"]
[WhiteElo "1493"]
[BlackElo "1735"]
[PlyCount "66"]
[EventDate "2015.??.??"]

1. e4 c5 2. Nf3 Nc6 3. d4 cxd4 4. Nxd4 e5 5. Nxc6 bxc6 6. a3 Bc5 7. Be2 Qh4 8.
O-O Qxe4 9. Nc3 Qg6 10. Na4 Be7 11. Be3 h5 12. Qd2 d5 13. Bc5 Bh3 14. g3 Qe4
15. f3 Qxa4 16. Bxe7 Nxe7 17. Rfe1 Qd4+ 18. Qxd4 exd4 19. Bd3 Be6 20. Re5 Rb8
21. b3 Kd7 22. Rae1 h4 23. g4 Rbe8 24. h3 Ng6 25. Bxg6 fxg6 26. Kf2 Bf7 27.
Rxe8 Rxe8 28. Rxe8 Bxe8 29. Ke2 g5 30. b4 Bg6 31. Kd2 Kd6 32. c3 d3 33. Ke3 Ke5
0-1

[Event "Mechanics' Summer TNM; G/2"]
[Site "San Francisco"]
[Date "2015.07.07"]
[Round "7.31"]
[White "Agdamag, Samuel"]
[Black "Montoya, Daniel"]
[Result "0-1"]
[WhiteElo "1459"]
[BlackElo "1601"]
[Annotator "Donaldson"]
[PlyCount "96"]
[EventDate "2015.??.??"]

1. e4 e6 2. d4 d5 3. exd5 exd5 4. Nc3 Bd6 $2 5. h3 (5. Nxd5) 5... Ne7 6. Bg5 f6
7. Bh4 Bf5 8. Bd3 Qd7 9. Nf3 Nbc6 10. Qe2 O-O-O 11. O-O-O g5 12. Bg3 Bxg3 13.
fxg3 Bxd3 14. cxd3 Nf5 15. Qf2 Qd6 16. g4 Qg3 17. Qxg3 Nxg3 18. Rhe1 Rhe8 19.
Rxe8 Rxe8 20. Nxd5 Ne2+ 21. Kd2 Nexd4 22. Nxd4 Nxd4 23. Nxf6 Re2+ 24. Kc3 Nb5+
25. Kc4 Rxb2 26. Re1 Nd6+ 27. Kc3 Rxa2 28. Nxh7 Rxg2 29. Nxg5 a5 30. Re3 b5 31.
Ne4 Nf7 32. Kb3 Kb7 33. Nc3 Kb6 34. Nd5+ Kc6 35. Nxc7 a4+ 36. Ka3 Rc2 37. Ne6
Rc3+ 38. Kb2 b4 39. g5 a3+ 40. Ka2 Rc2+ 41. Ka1 Rg2 42. Nd4+ Kd5 43. Nb3 Rxg5
44. Kb1 Rg1+ 45. Kc2 Rg2+ 46. Kb1 Rb2+ 47. Ka1 Rxb3 48. Rf3 Ne5 0-1

[Event "Mechanics' Spring TNM; G/2"]
[Site "San Francisco"]
[Date "2015.03.17"]
[Round "1.7"]
[White "Allen, Tom"]
[Black "Byambaa, Uyanga"]
[Result "0-1"]
[WhiteElo "1565"]
[BlackElo "2168"]
[PlyCount "32"]
[EventDate "2015.??.??"]

1. e4 c5 2. d4 cxd4 3. c3 dxc3 4. Nxc3 Nc6 5. Nf3 d6 6. Bc4 a6 7. O-O Nf6 8.
Qe2 Bg4 9. Rd1 e6 10. Bg5 Be7 11. h3 Bxf3 12. Qxf3 Qa5 13. Bd2 Ne5 14. Qe2 Nxc4
15. Qxc4 O-O 16. Nd5 $2 exd5 0-1

[Event "Mechanics' Spring TNM; G/2"]
[Site "San Francisco"]
[Date "2015.04.28"]
[Round "7.32"]
[White "Allen, Tom"]
[Black "Cole, Tony"]
[Result "1-0"]
[WhiteElo "1565"]
[BlackElo "1487"]
[Annotator "Winslow,Elliott"]
[PlyCount "63"]
[EventDate "2015.??.??"]

1. e4 e5 2. Nf3 Nc6 3. d4 exd4 4. c3 Nf6 5. e5 Qe7 6. Qe2 Ng4 7. cxd4 Qb4+ 8.
Nc3 Nxd4 9. Nxd4 Qxd4 10. h3 Nh6 11. Bxh6 gxh6 12. Rd1 Qb4 13. a3 Qa5 14. Qe4
c6 15. Be2 Bg7 16. f4 Qb6 17. b4 O-O 18. Bd3 Re8 (18... f5 19. exf6 Rxf6) 19.
Na4 Qc7 20. O-O b5 21. Nc5 Qb6 22. Kh1 (22. Qxh7+ Kf8 23. Rf3) 22... d6 23.
Qxh7+ Kf8 24. exd6 Qd8 25. Bf5 $6 (25. d7) (25. f5 $1) 25... Be6 $2 (25... Bxf5
26. Qxf5 Kg8) 26. Bxe6 fxe6 $6 27. Qe4 $2 (27. f5 {(#6) breaks all resistance})
27... Kf7 28. f5 e5 29. d7 (29. f6) 29... Re7 30. Ne6 (30. f6 {(#12)}) 30...
Rxe6 31. fxe6+ Kxe6 (31... Kg8 32. Qg6 {mates slightly slower}) 32. Qg6+ (32.
Qxc6+ $1 {mates much faster!}) 1-0

[Event "Mechanics' Spring TNM; G/2"]
[Site "San Francisco"]
[Date "2015.04.14"]
[Round "5.43"]
[White "Allen, Tom"]
[Black "Frank, Robert"]
[Result "1-0"]
[WhiteElo "1565"]
[BlackElo "1296"]
[PlyCount "65"]
[EventDate "2015.??.??"]

1. e4 e5 2. Nf3 Nf6 3. Nxe5 d6 4. Nxf7 Kxf7 5. Nc3 g6 6. d4 Bg7 7. Bc4+ Ke8 8.
O-O c5 9. Re1 cxd4 10. Qxd4 Nc6 11. Bb5 Be6 12. Bg5 Kf7 13. Bxc6 bxc6 14. Rad1
Bf8 15. e5 dxe5 16. Qxd8 Rxd8 17. Rxd8 Bg7 18. Rd6 c5 19. Rxe5 Bf5 20. Bxf6
Bxf6 21. Rxc5 Re8 22. Rc7+ Re7 23. Rxe7+ Bxe7 24. Rd2 Ke6 25. Nb5 Bc5 26. Nd4+
Bxd4 27. Rxd4 Bxc2 28. f4 h5 29. h4 a5 30. b3 Bb1 31. Ra4 Kf5 32. g3 Kg4 33.
Kf2 1-0

[Event "Mechanics' Winter TNM; 30/90, SD/30"]
[Site "San Francisco"]
[Date "2015.02.10"]
[Round "6.35"]
[White "Allen, Tom"]
[Black "James, Charles"]
[Result "1/2-1/2"]
[WhiteElo "1565"]
[BlackElo "1409"]
[PlyCount "61"]
[EventDate "2015.??.??"]

1. e4 e6 2. d4 d5 3. Nd2 Be7 4. Ngf3 Nf6 5. e5 Nfd7 6. Bd3 c5 7. c3 Nc6 8. Qc2
f5 9. exf6 Nxf6 10. Ne5 c4 11. Be2 Nxe5 12. dxe5 Nd7 13. Nf3 O-O 14. O-O Qc7
15. Re1 Nxe5 16. Nxe5 Qxe5 17. Be3 Bd6 18. g3 Qf6 19. Bf1 e5 20. Bg2 e4 21.
Rad1 Be6 22. Bxe4 dxe4 23. Rxd6 Qf5 24. Red1 Rae8 25. R6d4 Qh3 26. Qe2 Bg4 27.
Qf1 Qh5 28. R1d2 Bh3 29. Qxc4+ Kh8 30. Qe2 Bg4 31. Qf1 1/2-1/2

[Event "Mechanics' Winter TNM; 30/90, SD/30"]
[Site "San Francisco"]
[Date "2015.01.13"]
[Round "2.43"]
[White "Allen, Tom"]
[Black "McCarty-Snead, Fianna"]
[Result "1-0"]
[WhiteElo "1565"]
[BlackElo "588"]
[PlyCount "49"]
[EventDate "2015.??.??"]

1. e4 e5 2. Nf3 Bc5 3. Nxe5 Qe7 4. d4 Nf6 5. dxc5 Qxe5 6. Nc3 Qxc5 7. Be3 d5 $2
8. Bxc5 dxe4 9. Nxe4 Nxe4 10. Qe2 Nc6 11. Qxe4+ Be6 12. Bc4 O-O-O 13. Bxe6+
fxe6 14. Qxe6+ Kb8 15. O-O Rhe8 16. Qh3 Re5 17. Be3 Nb4 18. Qxh7 Re6 19. Rfe1
g6 20. Bxa7+ Kc8 21. Rxe6 Nxc2 22. Re7 Rd7 23. Rxd7 Nxa1 24. Rxc7+ Kd8 25. Qd7#
1-0

[Event "Mechanics' Winter TNM; 30/90, SD/30"]
[Site "San Francisco"]
[Date "2015.02.24"]
[Round "8.39"]
[White "Allen, Tom"]
[Black "Nagle, Michael"]
[Result "1/2-1/2"]
[WhiteElo "1565"]
[BlackElo "1465"]
[Annotator "Donaldson"]
[PlyCount "80"]
[EventDate "2015.??.??"]

1. e4 c5 2. d4 cxd4 3. c3 g6 4. cxd4 d6 (4... d5) 5. Nf3 Nf6 6. Nc3 Bg7 7. Bc4
Bd7 8. O-O e6 9. Qe2 O-O 10. Bg5 Qc7 11. e5 dxe5 12. dxe5 Ng4 13. Be7 Rc8 14.
Bb3 Nxe5 15. Bh4 Nxf3+ 16. Qxf3 Bc6 17. Qe2 Be5 18. Bg3 Bxg3 19. fxg3 Nd7 20.
Rac1 Re8 21. Kh1 Qb6 22. Rcd1 Nc5 23. Bc4 Rad8 24. Rb1 Na4 25. Nd1 Rd6 26. b3
Nc5 27. Nc3 Red8 28. Rbd1 Rxd1 29. Rxd1 Rxd1+ 30. Qxd1 Qc7 31. Bb5 Ne4 32. Nxe4
Bxe4 33. Be2 Kf8 34. h3 Ke7 35. Qe1 Qd6 36. Qc3 e5 37. Bf3 Bxf3 38. gxf3 Qd1+
39. Kg2 Qe2+ 40. Kg1 Qd1+ 1/2-1/2

[Event "Mechanics' Winter TNM; 30/90, SD/30"]
[Site "San Francisco"]
[Date "2015.01.27"]
[Round "4.41"]
[White "Allen, Tom"]
[Black "Otterbach, Renate"]
[Result "1-0"]
[WhiteElo "1565"]
[BlackElo "1076"]
[Annotator "Donaldson"]
[PlyCount "57"]
[EventDate "2015.??.??"]

1. e4 e6 2. d4 d5 3. Be3 Nf6 4. e5 Nfd7 5. Bd3 c5 6. c3 Qb6 7. Nf3 Nc6 8. Qc2
Ne7 9. O-O Nf5 10. Bxf5 exf5 11. dxc5 Nxc5 $4 (11... Bxc5) 12. b4 Qg6 13. bxc5
Be6 14. Na3 f4 15. Qa4+ Bd7 16. Qxf4 Bh3 17. Nh4 Qg4 18. Qxg4 Bxg4 19. Nb5 Kd7
20. f3 Be6 21. f4 Bg4 22. Nf3 Be7 23. Nd6 f6 24. Nd4 Kc7 25. h3 Bh5 26. Rab1 b6
27. N4b5+ Kc6 28. Nd4+ Kxc5 29. N4f5+ {and 1-0 shortly.} (29. Rb5#) 1-0

[Event "Mechanics' Fall TNM; G/2"]
[Site "San Francisco"]
[Date "2015.10.27"]
[Round "2.22"]
[White "Allen, Tom Carter"]
[Black "Andries, Craig"]
[Result "0-1"]
[WhiteElo "1560"]
[BlackElo "1863"]
[Annotator "Donaldson"]
[PlyCount "60"]
[EventDate "2015.??.??"]

1. e4 d6 2. Nf3 Nf6 3. Bc4 e6 4. Nc3 Be7 5. d3 c6 6. O-O Nbd7 7. Re1 a5 8. a4
O-O 9. Bg5 Ng4 10. Qd2 Nde5 11. Nxe5 Nxe5 12. Bxe7 Qxe7 13. Ba2 Ng6 14. Re3 Qg5
15. Qe2 Nf4 16. Qf1 e5 17. Rg3 Qh5 18. Re1 Kh8 19. Ne2 Bd7 20. d4 c5 21. dxe5
dxe5 22. b3 Ra6 23. Nxf4 exf4 24. Rd3 Rh6 25. h3 Be6 26. Qe2 Qg5 27. g4 $4 (27.
Kh1) 27... fxg3 28. Rxg3 Qh4 29. Qf1 Bxh3 30. Rxh3 Qxh3 0-1

[Event "Mechanics' Summer TNM; G/2"]
[Site "San Francisco"]
[Date "2015.07.14"]
[Round "8.17"]
[White "Allen, Tom Carter"]
[Black "Andries, Craig"]
[Result "0-1"]
[WhiteElo "1491"]
[BlackElo "1913"]
[PlyCount "96"]
[EventDate "2015.??.??"]

1. e4 d6 2. d4 Nf6 3. Nc3 g6 4. Nf3 Bg7 5. Bc4 O-O 6. O-O c6 7. Bf4 b5 8. Bd3
Nh5 9. Qd2 Bg4 10. Be2 Bxf3 11. Bxf3 Nxf4 12. Qxf4 Bxd4 13. Nd1 Nd7 14. c3 Be5
15. Qh6 Bg7 16. Qh3 Rc8 17. Ne3 a5 18. Rfd1 Ne5 19. Be2 Qc7 20. f4 Nd7 21. Rd2
Nc5 22. Qf3 a4 23. Rc1 Qb6 24. Kh1 Qc7 25. Nc2 e6 26. Nb4 d5 27. e5 Nd7 28. Nc2
Qb6 29. Rcd1 Rce8 30. Nd4 f6 31. Qh3 f5 32. Bd3 Nc5 33. g4 Nxd3 34. Rxd3 c5 35.
Nf3 fxg4 36. Qxg4 Qc6 37. Kg1 Bh6 38. Ng5 Rf5 39. h4 Ref8 40. Rf1 Qb6 41. Kg2
Qa6 42. Rdf3 Qc6 43. Kg3 d4 44. cxd4 cxd4 45. Rd3 Bxg5 46. hxg5 Qe4 47. Rdd1 d3
48. Rd2 Qe3+ 0-1

[Event "Mechanics' Fall TNM; G/2"]
[Site "San Francisco"]
[Date "2015.11.17"]
[Round "5.21"]
[White "Allen, Tom Carter"]
[Black "Babayan, Gagik"]
[Result "0-1"]
[WhiteElo "1560"]
[BlackElo "1781"]
[PlyCount "26"]
[EventDate "2015.??.??"]

1. e4 c5 2. d4 cxd4 3. c3 dxc3 4. Nxc3 Nc6 5. Nf3 d6 6. Bc4 Nf6 7. O-O a6 8.
Qe2 Bg4 9. Bg5 e6 10. h3 Bxf3 11. Qxf3 Ne5 12. Bxf6 $4 Nxf3+ 13. gxf3 Qxf6 0-1

[Event "Mechanics' Summer TNM; G/2"]
[Site "San Francisco"]
[Date "2015.06.23"]
[Round "5.20"]
[White "Allen, Tom Carter"]
[Black "Delaney, Will Fred"]
[Result "1-0"]
[WhiteElo "1491"]
[BlackElo "1800"]
[PlyCount "79"]
[EventDate "2015.??.??"]

1. e4 c5 2. d4 cxd4 3. c3 d3 4. Nf3 Nc6 5. c4 d6 6. Bxd3 g6 7. Nc3 Bg7 8. Be3
Bg4 9. Qb3 Na5 10. Qa4+ Bd7 11. Qc2 Rc8 12. O-O Nc6 13. Rad1 Nb4 14. Qb3 Nxd3
15. Rxd3 Qc7 16. Nd2 Nf6 17. Nb5 Bxb5 18. Qxb5+ Qd7 19. Qb3 b6 20. e5 Ng4 21.
exd6 Ne5 22. Rd5 e6 23. Rd4 O-O 24. Bg5 f6 25. Bf4 Nf7 26. Be3 e5 27. Rd3 f5
28. f3 Rfd8 29. Rd1 Qe6 30. d7 Rc7 31. c5 Qxb3 32. Nxb3 Rc6 33. Rd5 Bf8 34. a4
Be7 35. a5 b5 36. Nc1 e4 37. fxe4 fxe4 38. Na2 Bf6 39. Nb4 Rc7 40. Bf4 1-0

[Event "Mechanics' Summer TNM; G/2"]
[Site "San Francisco"]
[Date "2015.06.30"]
[Round "6.19"]
[White "Allen, Tom Carter"]
[Black "Gomez, David Flores"]
[Result "0-1"]
[WhiteElo "1491"]
[BlackElo "1809"]
[PlyCount "62"]
[EventDate "2015.??.??"]

1. e4 e5 2. Nf3 Nc6 3. d4 exd4 4. c3 d3 5. Bxd3 d6 6. Nd4 Nge7 7. O-O g6 8. Bg5
Bd7 9. Bf6 Rg8 10. Nd2 Ne5 11. Nc4 Ng4 12. Bh4 g5 13. Bg3 Ng6 14. Nf5 h5 15. h3
N4e5 16. Nxe5 dxe5 17. f3 Qf6 18. Qb3 O-O-O 19. Bf2 Nh4 20. Bxa7 Bxf5 21. exf5
Rxd3 22. Qb5 Qxf5 23. Qe8+ Rd8 24. Qa4 Qf4 25. Qb3 Rd2 26. Rf2 e4 27. Re1 Bd6
28. Rxd2 Qxd2 29. Bf2 Bc5 30. Rf1 Rd8 31. Qxf7 e3 0-1

[Event "Mechanics' Leighton Allen TNM; G/2"]
[Site "San Francisco"]
[Date "2015.08.18"]
[Round "3.30"]
[White "Allen, Tom Carter"]
[Black "Kondakov, Adrian"]
[Result "0-1"]
[WhiteElo "1541"]
[BlackElo "1536"]
[PlyCount "42"]
[EventDate "2015.??.??"]

1. e4 e6 2. Nf3 d5 3. c4 dxe4 4. Ne5 Bd6 5. Ng4 f5 6. Ne3 Nf6 7. Nc3 O-O 8. d4
c6 9. Be2 Qe7 10. Qb3 Kh8 11. O-O e5 12. c5 Bc7 13. d5 Qxc5 14. dxc6 Nxc6 15.
Nc2 Nd4 16. Nxd4 exd4 17. Na4 Qe5 18. g3 d3 19. Bf4 Qe7 20. Bxc7 dxe2 21. Rfc1
{Diagram #} e1=Q+ $1 0-1